La democracia frustada en Guatemala: Las elecciones de marzo de 1966* /

Saved in:
Bibliographic Details
Main Author: Vinegrad, Anna
Format: Text
Subjects:
Tags: Add Tag
No Tags, Be the first to tag this record!

MARC

LEADER 00000 a a2200000 04500
001 45505
003
040
090 |a REV0780 (36)1998  
100 |a Vinegrad, Anna  
245 |a La democracia frustada en Guatemala:   |b Las elecciones de marzo de 1966* /  |c Anna Vinegrad  
650 |a ELECCIONES  
650 |a DEMOCRACIA  
650 |a PARTIDOS POLITICOS  
650 |a ELECCIONES  
773 |g número36, IV Epoca (1998), páginas 89-113  
999 |c 26089  |d 26089